000 01151cad a22001935a 4500
001 L153859
008 110914s2011 xxk f 000 0 eng d
035 _a(Sirsi) u153859
041 0 _aeng
110 2 _aSCI-Network
_95976
245 0 0 _aProcuring innovation
_bpreliminary report on use of early market engagement and supplier relationship management to promote innovation, and supplier perspectives on innovation through public procurement
_h[electronic resource]
260 _aLondon
_bSCI-Network
_c2011
520 _aSCI-Network is a network of European cities and other public authorities working together to find new, innovative and sustainable solutions for their public construction projects. The procurement of construction projects by public authorities within the EU is subject to European Procurement Directives.
590 _aKA NTK
651 4 _aEurope
690 _aProcurement
_96260
856 4 0 _uhttps://www.sci-network.eu/fileadmin/templates/sci-network/files/Resource_Centre/Reports/Innovation_in_construction_procurement_-_Preliminary_report.pdf
_zView the report free of charge (PDF file) at www.sci-network.eu
942 _n0
999 _c112730
_d112730